Statistics for Countries with the Most Populous Capital A-Z

Click here to take the quiz!

General Stats

  • This quiz has been taken 103 times
  • The average score is 19 of 23

Answer Stats

Population
of Capital
Country Capital % Correct
J13,189,000JapanTokyo
99%
I16,787,949IndiaNew Delhi
98%
Q1,450,000QatarDoha
97%
O797,000OmanMuscat
97%
C20,693,000ChinaBeijing
96%
Y1,431,649YemenSana'a
96%
U8,630,100United KingdomLondon
95%
F2,241,346FranceParis
93%
Z1,487,028ZimbabweHarare
92%
R11,541,000RussiaMoscow
90%
G3,520,000GermanyBerlin
88%
V7,587,800VietnamHanoi
86%
H1,729,040HungaryBudapest
78%
B8,906,000BangladeshDhaka
78%
T8,249,117ThailandBangkok
78%
M8,851,080MexicoMexico City
76%
E10,230,350EgyptCairo
75%
S9,989,795South KoreaSeoul
73%
P12,877,253PhilippinesManila
68%
K3,138,369KenyaNairobi
67%
A3,415,811AlgeriaAlgiers
60%
N3,144,005North KoreaPyongyang
52%
L1,574,387LebanonBeirut
36%

Score Distribution

Percentile by Number Answered

Percent of People with Each Score

Your Score History

You have not taken this quiz